|
|
|
|
| LEADER |
01685nam a2200397 i 4500 |
| 001 |
EBC6708547 |
| 003 |
MiAaPQ |
| 005 |
20220603110914.0 |
| 006 |
m o d | |
| 007 |
cr cnu|||||||| |
| 008 |
220603s2013 nyu o 000 0 eng d |
| 020 |
|
|
|z 9781935494577
|q (print)
|
| 020 |
|
|
|a 9781942585558
|q (electronic bk.)
|
| 035 |
|
|
|a (MiAaPQ)EBC6708547
|
| 035 |
|
|
|a (Au-PeEL)EBL6708547
|
| 035 |
|
|
|a (OCoLC)1265463242
|
| 040 |
|
|
|a MiAaPQ
|b eng
|e rda
|e pn
|c MiAaPQ
|d MiAaPQ
|
| 043 |
|
|
|a e-au---
|
| 050 |
|
4 |
|a PT3826.W65
|b .T736 2013
|
| 082 |
0 |
|
|a 830.9928709436
|2 23
|
| 245 |
0 |
0 |
|a Transnational identities of women writers in the Austro-Hungarian Empire /
|c editor Ramona Mihaila.
|
| 264 |
|
1 |
|a New York :
|b Addleton Academic Publishers,
|c [2013]
|
| 264 |
|
4 |
|c Ã2013
|
| 300 |
|
|
|a 1 online resource (278 pages)
|
| 336 |
|
|
|a text
|b txt
|2 rdacontent
|
| 337 |
|
|
|a computer
|b c
|2 rdamedia
|
| 338 |
|
|
|a online resource
|b cr
|2 rdacarrier
|
| 588 |
|
|
|a Description based on print version record.
|
| 590 |
|
|
|a Electronic reproduction. Ann Arbor, MI : ProQuest, 2018. Available via World Wide Web. Access may be limited to ProQuest affiliated libraries.
|
| 650 |
|
0 |
|a Austrian literature
|x Women authors
|x History and criticism.
|
| 650 |
|
0 |
|a Women and literature
|z Austria
|x History
|y 19th century.
|
| 655 |
|
4 |
|a Electronic books.
|
| 700 |
1 |
|
|a Mihaila, Ramona,
|e editor.
|
| 776 |
0 |
8 |
|i Print version:
|t Transnational identities of women writers in the Austro-Hungarian Empire.
|d New York : Addleton Academic Publishers, c2013
|h 278 pages
|z 9781935494577
|
| 797 |
2 |
|
|a ProQuest (Firm)
|
| 856 |
4 |
0 |
|u https://ebookcentral.proquest.com/lib/matrademy/detail.action?docID=6708547
|z Click to View
|